Monetary economics : (Record no. 10099)

MARC details
000 -LEADER
fixed length control field 00551cam a2200205ua 4500
001 - CONTROL NUMBER
control field 11248
005 - DATE AND TIME OF LATEST TRANSACTION
control field 20260515114729.0
008 - FIXED-LENGTH DATA ELEMENTS--GENERAL INFORMATION
fixed length control field 190904n ii |||gr||||Z||||||eng
020 ## - INTERNATIONAL STANDARD BOOK NUMBER
International Standard Book Number 9788121904346
040 ## - CATALOGING SOURCE
Transcribing agency MAIN
041 ## - LANGUAGE CODE
Language code of text/sound track or separate title eng
082 ## - DEWEY DECIMAL CLASSIFICATION NUMBER
Classification number 332.46
100 ## - MAIN ENTRY--PERSONAL NAME
Personal name Suraj B Gupta,
Relator term Author.
245 ## - TITLE STATEMENT
Title Monetary economics :
Remainder of title Institutions, Theory and policy /
Statement of responsibility, etc. By Suraj B Gupta .
250 ## - EDITION STATEMENT
Edition statement 1st ed rep.
260 ## - PUBLICATION, DISTRIBUTION, ETC.
Place of publication, distribution, etc. New Delhi:
Name of publisher, distributor, etc. S chand and company limited,
Date of publication, distribution, etc. 2018.
300 ## - PHYSICAL DESCRIPTION
Extent 460p.
653 ## - INDEX TERM--UNCONTROLLED
Uncontrolled term Financial economics
942 ## - ADDED ENTRY ELEMENTS (KOHA)
Koha item type Books
Holdings
Withdrawn status Lost status Damaged status Not for loan Home library Current library Shelving location Date acquired Total checkouts Full call number Barcode Date last seen Date last checked out Copy number Price effective from Koha item type
        Naharkatiya College Library Naharkatiya College Library General stacks 09/19/2020 4 332.46Monetary economics | GUP 27381 04/04/2026 03/25/2026 1 09/19/2020 Books
        Naharkatiya College Library Naharkatiya College Library General stacks 09/19/2020   332.46Monetary economics | GUP 27382 09/19/2020   2 09/19/2020 Books